00597nam a2200205Ia 4500003000400000005001700004008004100021020001500062040001800077041000800095082002100103100002100124245006900145250001200214260005600226300002600282650003200308650002500340650002600365OSt20251208145309.0210716s1998 xx 000 0 und d a8175151633 cAIMIT LIBRARY aeng a006.37 21bCOOJ aCooper, James W. aVisual basic : bprogrammers guide to java /cBy James W Cooper. a1st ed. aNew Delhi :bGalgotia Publications Pvt Ltd ,c1998. axxvi,564bPBc25.6 cm aSyntax of the java language aJava visual controls aUsing threads in java